BIBLIOTECA

SENCICO

Infraestructura sanitaria para poblaciones urbanas : Reglamento Nacional de Construcciones (Registro nro. 3545)

Detalles MARC
000 -LEADER
fixed length control field 00763nam a2200205Ia 4500
005 - DATE AND TIME OF LATEST TRANSACTION
control field 20251020182617.0
008 - FIXED-LENGTH DATA ELEMENTS--GENERAL INFORMATION
fixed length control field 200515s9999 xx 000 0 und d
082 ## - DEWEY DECIMAL CLASSIFICATION NUMBER
Classification number SC/696.1/P45
110 ## - MAIN ENTRY--CORPORATE NAME
Corporate name or jurisdiction name as entry element Ininvi
245 #0 - TITLE STATEMENT
Title Infraestructura sanitaria para poblaciones urbanas : Reglamento Nacional de Construcciones
260 ## - PUBLICATION, DISTRIBUTION, ETC.
Place of publication, distribution, etc. Lima
260 ## - PUBLICATION, DISTRIBUTION, ETC.
Date of publication, distribution, etc. 1991
300 ## - PHYSICAL DESCRIPTION
Extent 30
520 ## - SUMMARY, ETC.
Summary, etc. Elaborada con la finalidad de garantizar un mínimo de calidad, durabilidad y seguridad de los proyectos y obras de infraestructura sanitaria para habilitaciones urbanas en asentamientos humanos mayores de 2,000 habitantes. La norma considera la previsión
650 ## - SUBJECT ADDED ENTRY--TOPICAL TERM
Topical term or geographic name entry element INFRAESTRUCTURA SANITARIA
650 ## - SUBJECT ADDED ENTRY--TOPICAL TERM
Topical term or geographic name entry element NORMAS
650 ## - SUBJECT ADDED ENTRY--TOPICAL TERM
Topical term or geographic name entry element PUB ININVI
650 ## - SUBJECT ADDED ENTRY--TOPICAL TERM
Topical term or geographic name entry element S-100
942 ## - ADDED ENTRY ELEMENTS (KOHA)
Koha item type Libros
Existencias
Fecha de la última vez que lo usaron Pago total Signatura topográfica completa Código de barras Precio efectivo desde Tipo de documento Estado perdido Estado dañado No es para préstamo Retirado Ubicación permanente Ubicación actual Fecha de adquisición
15/05/2020   SC/696.1/P45 Bib-Lima15053545 15/05/2020 Libros         Biblioteca Central Lima Biblioteca Central Lima 15/05/2020